Το ακριτικό Αγαθονήσι : η ανασκαφική έρευνα στο Καστράκι (2006-2010)

Αποθηκεύτηκε σε:
Λεπτομέρειες βιβλιογραφικής εγγραφής
Κύριος συγγραφέας: Τριανταφυλλίδης, Παύλος Ζ.
Μορφή: Βιβλίο
Γλώσσα:Greek
Δημοσίευση: Αθήνα : Νομαρχιακή Αυτοδιοίκηση Δωδεκανήσου, 2010.
Θέματα:
Ετικέτες: Προσθήκη ετικέτας
Δεν υπάρχουν, Καταχωρήστε ετικέτα πρώτοι!

MARC

LEADER 00000cam a2200000 i 4500
001 1/9338
008 100714s2010 gr | ||| |||| ||gre||
020 |a 9789602148488 
035 |l 10108592 
040 |a GR-MyUa  |b gre  |e AACR2  
041 0 |a gre 
082 7 |a 938.27   |2 (22) 
100 1 |a Τριανταφυλλίδης, Παύλος Ζ. 
245 1 3 |a Το ακριτικό Αγαθονήσι :   |b η ανασκαφική έρευνα στο Καστράκι (2006-2010) /   |c Παύλος Τριανταφυλλίδης.  
260 |a Αθήνα :   |b Νομαρχιακή Αυτοδιοίκηση Δωδεκανήσου,   |c 2010.  
300 |a 47 σ. :   |b έγχρ. εικ. ;   |c 21 εκ.  
500 |a "Χορηγός έκδοσης: Νομαρχιακή Αυτοδιοίκηση Δωδεκανήσου".  
504 |a Βιβλιογραφία: σ. 47.  
651 0 |a Agathonesi (Greece) 
852 |a INST  |b RHODES  |e 20100714  |h 938.27 ΤΡΙ  |p 005400032825  |q 005400032825  |t BK  |y 0 
901 |a BIBL4-2010-2 
970 |a ΚΟΖΑ  |b ΜΑΡΙΑ  |z 2010/07/14